000 00483nam a2200157Ia 4500
008 090124s9999 xx 000 0 und d
082 _b112578
245 _a अेकदाच अशी रात्र येते
250 _a1
260 _c1968
300 _a164
630 _a अेकदाच अशी रात्र येते
700 _aकिणीकर रॉय
730 _a अेकदाच अशी रात्र येते
942 _cBOOK
999 _c158669
_d158669